000 00434nam a2200157Ia 4500
008 210210b1999 xxu||||| |||| 00| 0 eng d
020 _a81 204 0102 6
082 _a631.53 CHAI
100 _aCHAUDHARY (R C).
245 _aIntroduction to plant breeding.
260 _aNew Delhi.
_bOxford & IBH Publishing Co Pvt Ltd.,
_c1999
300 _a267
650 _aPlant breeding propagation
690 _aAgriculture
906 _aSG03901
999 _c114623
_d114623